Countries With P - Statistics

General Stats
  • This quiz has been taken 49 times
    47 since last reset
  • The average score is 18 of 23
Answer Stats
Country % Correct
Portugal
100%
Pakistan
97%
Poland
97%
Paraguay
92%
Peru
87%
Philippines
87%
Palau
85%
Panama
85%
Papua New Guinea
85%
Spain
85%
Democratic Republic of the Congo
77%
Republic of the Congo
77%
Singapore
72%
Japan
69%
Nepal
69%
Cape Verde
67%
Dominican Republic
67%
São Tomé and Principe
64%
Central African Republic
62%
Cyprus
62%
Egypt
62%
Czech Republic
56%
Ethiopia
54%
No matching quizzes found
Score Distribution
Percent of People with Each Score
Percentile by Number Answered
Your Score History
You have not taken this quiz since the last reset